Constantinople in the age of Justinian /

محفوظ في:

المؤلف الرئيسي: Downey, Glanville, 1908-1991 (مؤلف)

التنسيق: كتاب

اللغة: English

منشور في: Norman : University of Oklahoma Press, [1960].

الطبعة: [1st ed.]

سلاسل: The Centers of civilization series.

الموضوعات:

الوسوم: إضافة وسم

لا توجد وسوم, كن أول من يضع وسما على هذه التسجيلة!

رقم الطلب: DR729 .D6 1960

LEADER 00796nam a22002531 4500
001 6353
003 OSt
005 20260125135236.0
008 130303s1960 okua 000 0 eng d
010 |a 60013473 
040 |c ARCE Library 
043 |a a-tu--- 
050 4 |a DR729 .D6 1960 
100 1 |a Downey, Glanville,  |d 1908-1991,  |e author  |9 29189 
245 1 0 |a Constantinople in the age of Justinian /  |c by Glanville Downey. 
250 |a [1st ed.] 
264 1 |a Norman :   |b University of Oklahoma Press,   |c [1960]. 
300 |a xiii, 181 pages :   |b illustrations ;   |c 20 cm. 
490 0 |a The Centers of civilization series. 
600 0 0 |a Justinian  |b I,  |c Emperor of the East,  |d 483?-565.  |9 33454 
651 0 |a Istanbul (Turkey)  |x History  |y To 1453. 
901 |a reviewed 
942 |c BK  |2 lcc 
999 |c 8428  |d 8428